[Kirchliche Topographie von Mähren Olmützer Dioecese, Sternberger Decanat

Pracovní podklady k dílu Kirchliche Topographie von Mähren, meist nach Urkunden und Handschriften

Hlavní autor: Volný, Řehoř Tomáš, 1793-1871
Korporativní autor: Klášter Rajhrad
Jazyk: Němčina
Latina
Vydáno: [mezi 1833 a 1854]
Témata:
Externí odkaz: Digitalizovaný dokument
Fyzický popis: 81 fol.
Language note: Německý a latinský (krátké citace z pramenů) text
Knihy
Uloženo v:
LEADER 02129nam a2200505 a 4500
001 mzk03001204082
003 CZ BrMZK
005 20140814112636.0
007 ta
008 120330q18331854xr fr|||||00| ||gerod
040 |a BOA001  |b cze 
041 0 |a ger  |a lat 
043 |a e-xr---  |b e-xr-ol 
072 7 |a 09  |x Rukopisy, prvotisky, staré tisky. Vzácná a pozoruhodná díla  |2 Konspekt  |9 12 
072 7 |a 528  |2 Konspekt  |x Geodezie. Kartografie  |9 7 
080 |a 911.2:528.42  |2 MRF 
080 |a 27-7  |2 MRF 
080 |a (437.325)  |2 MRF 
080 |a 913:94  |2 MRF 
080 |a 930.253  |2 MRF 
100 1 |a Volný, Řehoř Tomáš,  |d 1793-1871  |7 jk01150548  |4 aut 
245 1 0 |a [Kirchliche Topographie von Mähren  |h rukopis],  |p Olmützer Dioecese, Sternberger Decanat 
246 3 0 |a Olmützer Dioecese, Sternberger Decanat 
260 |c [mezi 1833 a 1854] 
300 |a 81 fol. 
520 8 |a Pracovní podklady k dílu Kirchliche Topographie von Mähren, meist nach Urkunden und Handschriften 
520 8 |a Elaboráty a odpovědi na dotazy z farností, výkazy změn od r. 1804, Volného výpisy, koncepty pro tisk 
544 |a Moravský zemský archiv v Brně, E6 
546 |a Německý a latinský (krátké citace z pramenů) text 
562 |a Psáno: Německou novogotickou kurzívou (zčásti rukou Řehoře Volného) 
520 8 |a Folia různých rozměrů uspořádaná v papírových složkách a uložená v archivním kartonu 
650 7 |a topografie  |7 ph126691  |2 czenas 
650 7 |a církevní správa  |7 ph232635  |2 czenas 
650 7 |a historický místopis  |7 ph137052  |2 czenas 
650 0 7 |a archivní fondy  |7 ph118590  |2 czenas 
651 7 |a Šternberk (Olomouc, Česko)  |7 ge131548  |2 czenas 
710 2 |a Klášter Rajhrad  |7 kn20050116001  |4 own 
856 4 1 |u http://www.digitalniknihovna.cz/mzk/uuid/uuid:6cd38aab-d378-44e0-b67f-2408851945ed  |y Digitalizovaný dokument 
910 |e BOE950  |c R - A - O. h. 45 
985 |a 1801-1850 
985 |a 1851-1900 
990 |a BK 
996 |e BOE950  |c R - A - O. h. 45 
980 |c 286357  |g R - A - O. h. 45  |1 3281A0286357  |p inv. č. 4345, kart. č. 515 
991 |k rajhrad